|
|
|
|
| LEADER |
00000nam0a2200000 4500 |
| 001 |
53524 |
| 005 |
20231031045355.0 |
| 035 |
|
|
|a (RuTPU)RU\TPU\book\56117
|
| 090 |
|
|
|a 53524
|
| 100 |
|
|
|a 20030620d1980 k y0rusy50 ca
|
| 101 |
1 |
|
|a rus
|c cze
|
| 102 |
|
|
|a RU
|
| 105 |
|
|
|a a z 001zy
|
| 200 |
1 |
|
|a Измерение низких температур электрическими методами
|e пер. с чеш.
|f Я. Вепшек
|
| 210 |
|
|
|a Москва
|c Энергия
|d 1980
|
| 215 |
|
|
|a 224 с.
|c ил.
|
| 320 |
|
|
|a Библиогр.: с. 185-203.
|
| 610 |
1 |
|
|a электрические измерения
|
| 610 |
1 |
|
|a низкие температуры
|
| 610 |
1 |
|
|a температурные шкалы
|
| 610 |
1 |
|
|a металлические термометры
|
| 610 |
1 |
|
|a емкостные термометры
|
| 610 |
1 |
|
|a низкотемпературные электрические термометры
|
| 610 |
1 |
|
|a монтаж
|
| 610 |
1 |
|
|a схемы
|
| 610 |
1 |
|
|a низкотемпературные приборы
|
| 675 |
|
|
|a 621.317.99
|v 3
|
| 700 |
|
1 |
|a Вепшек
|b Я.
|g Ярослав
|
| 801 |
|
1 |
|a RU
|b 63413507
|c 20030620
|g PSBO
|
| 801 |
|
2 |
|a RU
|b 63413507
|c 20150422
|g PSBO
|
| 942 |
|
|
|c BK
|